|
|
|
|
| LEADER |
00000nam2a2200000 4500 |
| 001 |
44621 |
| 005 |
20231031022531.0 |
| 035 |
|
|
|a (RuTPU)RU\TPU\book\46356
|
| 090 |
|
|
|a 44621
|
| 100 |
|
|
|a 20021125d1971 k y0rusy50 ca
|
| 101 |
1 |
|
|a rus
|c ger
|c fre
|
| 102 |
|
|
|a RU
|
| 105 |
|
|
|a a z 001zy
|
| 200 |
0 |
|
|a Т. 1
|f А. Штенцель, Э. Бальдингер, У. Шпихер и др.
|
| 210 |
|
|
|d 1971
|
| 215 |
|
|
|a 519 с.
|c ил.
|
| 300 |
|
|
|a Авт. указ. в статьях.
|
| 320 |
|
|
|a Библиогр. в конце глав.
|
| 461 |
|
1 |
|0 (RuTPU)RU\TPU\book\46352
|t Физика быстропротекающих процессов
|o пер. с нем., фр.
|o в 3 т.
|v Т. 1
|d 1971
|
| 610 |
1 |
|
|a физика
|
| 610 |
1 |
|
|a быстропротекающие процессы
|
| 610 |
1 |
|
|a исследования
|
| 610 |
1 |
|
|a физические основы
|
| 610 |
1 |
|
|a осциллографы
|
| 610 |
1 |
|
|a усилители
|
| 610 |
1 |
|
|a свет
|
| 610 |
1 |
|
|a искровые источники
|
| 610 |
1 |
|
|a высокочастотная кинематография
|
| 610 |
1 |
|
|a электрооптические затворы
|
| 610 |
1 |
|
|a растровые методы
|
| 610 |
1 |
|
|a рентгеноимпульсная техника
|
| 610 |
1 |
|
|a температура
|
| 610 |
1 |
|
|a измерение
|
| 675 |
|
|
|a 539.1.075
|v 3
|
| 701 |
|
1 |
|a Штенцель
|b А.
|g Альберт
|
| 701 |
|
1 |
|a Бальдингер
|b Э.
|g Эрнст
|
| 701 |
|
1 |
|a Шпихер
|b У.
|
| 701 |
|
1 |
|a Фольрат
|b К.
|g Карл
|
| 701 |
|
1 |
|a Мюллер
|b В.
|g Вернер
|
| 701 |
|
1 |
|a Бендер
|b Г.
|g Ганс
|
| 801 |
|
1 |
|a RU
|b 63413507
|c 20021125
|g PSBO
|
| 801 |
|
2 |
|a RU
|b 63413507
|c 20150909
|g PSBO
|
| 942 |
|
|
|c BK
|